Aktive Spieler, die aus der Nationalmannschaft zurückgetreten sind - Statistiken

Allgemein
  • Dieses Quiz wurde 106 mal gespielt
  • Das Durchschnittsergebnis liegt bei 10 aus 23
Antwortstatistiken
Verein Position Nationalmannschaft Spieler % Korrekt
Real Madrid Zentrales Mittelfeld Deutschland Toni Kroos
87%
FC Barcelona Stürmer / Linker Flügel Gabun Pierre-Emerick Aubameyang
84%
Leicester City Stürmer England Jamie Vardy
79%
FC Liverpool Innenverteidiger Kamerun Joel Matip
78%
FC Barcelona Innenverteidiger Spanien Gerard Pique
75%
FC Chelsea Rechter Flügel Marokko Hakim Ziyech
73%
RB Leipzig Zentrales Mittelfeld Slowenien Kevin Kampl
66%
FC Sevilla Zentrales Mittelfeld Kroatien Ivan Rakitic
59%
Inter Mailand Offensives Mittelfeld Armenien Henrik Mkhitaryan
47%
Athletic Bilbao Stürmer Spanien Inaki Williams
45%
TSG Hoffenheim Rechter Verteidiger Tschechien Pavel Kaderabek
45%
Real Madrid Stürmer Dominikanische Republik Mariano Diaz
41%
AS Rom Defensives Mittelfeld Serbien Nemanja Matic
40%
Crystal Palace Linker Flügel England Wilfried Zaha
36%
Hertha BSC Rechter Flügel D.R. Kongo Dodi Lukebakio
35%
Trabzonspor Rechter Flügel Bosnien-Herzigowina Edin Visca
29%
FC Chelsea Rechter Flügel England Callum Hudson-Odoi
22%
Leeds United Linker Verteidiger Dominikanische Republik Junior Firpo
20%
SSC Neapel Innenverteidiger Albanien Amir Rrahmani
14%
FC Sevilla Stürmer Spanien Munir El Haddadi
12%
Olympiakos Piräus Rechter Verteidiger Kroatien Sime Vrsaljko
12%
FC Brentford Innenverteidiger Schweden Pontus Jansson
7%
Dinamo Zagreb Defensives Mittelfeld Kroatien Arijan Ademi
4%
Keine übereinstimmenden Quizze gefunden
Verteilung der Resultate
Anzahl Personen mit jedem Resultat
Perzentil nach korrekt beantworteten Fragen
Ihre Resultats-Entwicklung
Sie haben dieses Quiz noch nicht gespielt